ការវិភាគប្រព័ន្ធក្សេត្រ - បរិស្ថាន (Record no. 9442)

000 -LEADER
fixed length control field 00457nam a22001217a 4500
040 ## - CATALOGING SOURCE
Transcribing agency HS
082 ## - DEWEY DECIMAL CLASSIFICATION NUMBER
Classification number 635
110 ## - MAIN ENTRY--CORPORATE NAME
Corporate name or jurisdiction name as entry element ការិយាល័យផ្សព្វផ្សាយកសិកម្ម
245 ## - TITLE STATEMENT
Title ការវិភាគប្រព័ន្ធក្សេត្រ - បរិស្ថាន
260 ## - PUBLICATION, DISTRIBUTION, ETC. (IMPRINT)
Place of publication Cambodia
Name of publisher ការិយាល័យផ្សព្វផ្សាយកសិកម្ម
Year of publication 2005
300 ## - PHYSICAL DESCRIPTION
Number of Pages 63p;
942 ## - ADDED ENTRY ELEMENTS (KOHA)
Koha item type សៀវភៅភាសាខ្មែរ
952 ## - LOCATION AND ITEM INFORMATION (KOHA)
Withdrawn status [LOCAL, KOHA] 0
952 ## - LOCATION AND ITEM INFORMATION (KOHA)
Withdrawn status [LOCAL, KOHA] 0
952 ## - LOCATION AND ITEM INFORMATION (KOHA)
Withdrawn status [LOCAL, KOHA] 0
Holdings
Permanent Location Date acquired Koha item type Lost status Shelving location Barcode Current Location Full call number
Library Block C2016-09-01សៀវភៅភាសាខ្មែរ C251RUA046278Library Block C635 កសិកម្ម 2005 C251
Library Block C2016-09-01សៀវភៅភាសាខ្មែរ C257RUA045566Library Block C635 កសិកម្ម 2005 C257
Library Block C2016-09-01សៀវភៅភាសាខ្មែរ C257RUA046396Library Block C635 កសិកម្ម 2005 C257
មជ្ឈមណ្ឌលឯការនៃសាកលវិទ្យាល័យភូមិន្ទកសិកម្មចំការដូង

Powered by Koha